Дело по прошениям вдов камер-музыкантов Апсолона и Ритта, и дочерей танцмейстера Бубликова и музыканта Реунова о назначении им п...

Доступно только в Электронных читальных залах Найти на картеНа карте
RUSMARC
00003928nmc2a22000003x 450
00151c89018-e48a-4ca4-ad6b-ec52880e3236
00520181005051756.0
100##$a20161216l18171817k l0rusy0189 ca
1010#$arus
102##$aRU
2001#$aДело по прошениям вдов камер-музыкантов Апсолона и Ритта, и дочерей танцмейстера Бубликова и музыканта Реунова о назначении им пенсионов, также коллежской регистраторше Виль: 1) отношение статс-секретаря Кикина к статс-секретарю Марченко; 2) отношение статс-секретаря Марченко к вице-директору; 3) отзыв вице директора; 4) отзыв вице директора; 5) отношение статс-секретаря Марченко к статс-секретарю Кикину
$j24 февраля - 17 марта 1817 г.
251##$cДело
300##$aДело
801#0$aRU
$bРГИА
$c20161216
$gRCR
801#1$aRU
$bГлавНИВЦ
$c20161216
$2rusmarc
801#2$aRU
$bПБ им. Б.Н. Ельцина
$c20181005
$gRCR
$2rusmarc
850##$aРГИА
852##$aРГИА
$eФедеральное казенное учреждение "Российский государственный исторический архив" (РГИА)
$j1585
937##$hРГИА
$d12236427
$aASBIBLIO_SCAN
462#0$1001dd3991dc-24e1-42ec-8838-ca4255420416
$12001
$a1746-1850 гг.
$1251
$cОпись
$1852
$j1
461#0$10019264ebf8-de62-4f1a-9eb4-9f22098dbbd5
$12001
$aДирекция императорских театров МИДв
$1251
$cФонд
$1852
$j497
215##$a7 л.
$d36,5х26 см
371##$aДокумент не является опубликованным и широко распространяемым
105##$ay###
1222#$ad
035##$a51c89018-e48a-4ca4-ad6b-ec52880e3236
856##$uhttp://readingroom.main.prlib.ru/item.aspx?id_node=n118941228&mode=full
Формат отображения